| 000 | 01492nam a2200181Ia 4500 | ||
|---|---|---|---|
| 008 | 151202s9999||||xx |||||||||||||| ||und|| | ||
| 082 | _bPNVM-123760 | ||
| 100 | _aगुलाबराव महाराज. | ||
| 245 | _aमानसायुर्वेद संस्कृत मराठी2भिषगिन्द्रशचीप्रभा3वैद्यनन्दिनी4वैद्यवृन्दावन5भिषक्पाटवोपपत्ति6प्रश्नोत्तरे. | ||
| 260 | _b"श्रीबैद्यनाथ आयुर्वेद भवन लि.कोलकाता,पटना,झांसी नागपुर." | ||
| 260 | _c1981 | ||
| 300 | _a132 | ||
| 600 | _aगुलाबराव महाराज. | ||
| 630 | _aमानसायुर्वेद संस्कृत मराठी2भिषगिन्द्रशचीप्रभा3वैद्यनन्दिनी4वैद्यवृन्दावन5भिषक्पाटवोपपत्ति6प्रश्नोत्तरे. | ||
| 700 | _aगुलाबराव महाराज. | ||
| 730 | _aमानसायुर्वेद संस्कृत मराठी2भिषगिन्द्रशचीप्रभा3वैद्यनन्दिनी4वैद्यवृन्दावन5भिषक्पाटवोपपत्ति6प्रश्नोत्तरे. | ||
| 942 | _cBOOK | ||
| 999 |
_c1353889 _d1353886 |
||